000 00331nam a2200121Ia 4500
008 190216s9999||||xx |||||||||||||| ||und||
100 _aGurudeep Raj & Ajay Bhagi & Vinod
245 0 _aGroup Theory And Symmetry In Chemistry
260 _bKrishna Prakashan Media
_c2003
300 _a300p
650 _aChemistry
942 _cBK
999 _c3197
_d3197